Loading...
| History - European | 0 | 5 | 0 | 1 | 50 | 69 | 100.00 | 0 | 3 | 0.00 | 0.00 |
| Social Science | 1 | 4 | 1 | 0 | 50 | 76 | 94.60 | 2 | 4 | 0.00 | 0.00 |
| Fine Arts - Auditory | 0 | 5 | 1 | 2 | 45 | 125 | 145.60 | 0 | 2 | 0.00 | 0.00 |
| Philosophy | 0 | 5 | 1 | 0 | 45 | 95 | 124.60 | 1 | 1 | 0.00 | 0.00 |
| History - Ancient/Other | 0 | 5 | 2 | 2 | 40 | 97 | 128.40 | 0 | 2 | 0.00 | 0.00 |
| Literature - World | 0 | 4 | 0 | 2 | 40 | 103 | 133.25 | 1 | 3 | 0.00 | 0.00 |
| Science - Biology | 0 | 3 | 0 | 2 | 30 | 123 | 130.33 | 0 | 0 | 0.00 | 0.00 |
| Literature - British | 0 | 3 | 0 | 0 | 30 | 123 | 135.67 | 0 | 0 | 0.00 | 0.00 |
| Geography | 1 | 1 | 0 | 0 | 25 | 82 | 112.50 | 1 | 1 | 0.00 | 0.00 |
| Religion | 1 | 1 | 0 | 0 | 25 | 54 | 83.00 | 1 | 2 | 0.00 | 0.00 |
| Literature - American | 0 | 2 | 0 | 0 | 20 | 159 | 161.50 | 0 | 1 | 0.00 | 0.00 |
| Other Academic | 0 | 2 | 0 | 0 | 20 | 101 | 108.50 | 0 | 1 | 0.00 | 0.00 |
| Science - Other | 0 | 2 | 0 | 0 | 20 | 108 | 110.00 | 0 | 0 | 0.00 | 0.00 |
| History - World | 0 | 2 | 0 | 1 | 20 | 77 | 108.50 | 0 | 1 | 0.00 | 0.00 |
| History - American | 0 | 2 | 1 | 0 | 15 | 104 | 117.00 | 1 | 1 | 0.00 | 0.00 |
| Fine Arts - Visual | 0 | 2 | 1 | 1 | 15 | 137 | 141.00 | 0 | 1 | 0.00 | 0.00 |
| Science - Chemistry | 0 | 1 | 0 | 1 | 10 | 130 | 130.00 | 0 | 0 | 0.00 | 0.00 |
| Mythology | 0 | 1 | 0 | 0 | 10 | 90 | 90.00 | 0 | 1 | 0.00 | 0.00 |
| Literature - European | 0 | 2 | 3 | 0 | 5 | 111 | 130.50 | 0 | 2 | 0.00 | 0.00 |
| Fine Arts - Other | 0 | 1 | 3 | 0 | -5 | 121 | 121.00 | 0 | 1 | 0.00 | 0.00 |